000 00872nam a2200229Ia 4500
999 _c50299
_d50299
001 17240
003 GE_BSU
005 20200204145012.0
008 181216s2014 xx |||||||||||||| ||rus||
020 _aISBN 978-9941-22-300-6
040 _cGE_BSU
080 _a811.161.1-88(075.8) А-48
100 _aАлексидзе, М. (Марина)
_96781
245 _aЧитаем и говорим по-русски /
_cМ. (Марина) Алексидзе ; Лаура Гурули ; Ред. И.А. Мелкумова.
264 _aТбилиси :
_bУниверсал,
_c2014.
300 _a320 с .;
_c20 см.
653 _aЧитаем и говорим по-русски
653 _aრუსული ენა
700 _aГурули, Лаура
_96782
700 _aМелкумова, И.А.
_eრედაქტორი
_96783
942 _cBK
_2udc